|
|
|
|
| LEADER |
00000nam2a2200000 4500 |
| 001 |
368351 |
| 005 |
20231102012056.0 |
| 035 |
|
|
|a (RuTPU)RU\TPU\retro\25715
|
| 035 |
|
|
|a RU\TPU\book\253200
|
| 035 |
|
|
|a RU\TPU\book\282507
|
| 090 |
|
|
|a 368351
|
| 100 |
|
|
|a 20220407d1972 m y0rusy50 ca
|
| 101 |
1 |
|
|a eng
|c rus
|
| 102 |
|
|
|a RU
|
| 105 |
|
|
|a a j 001zy
|
| 200 |
0 |
|
|a Т. 1: Механика. Теплота. Молекулярная физика
|d Vol. 1: Mechanics. Heat. Molecular physics
|
| 210 |
|
|
|d 1972
|
| 215 |
|
|
|a 520 с.
|c ил.
|
| 320 |
|
|
|9 572
|a Имен. указ.: с. 510.
|
| 320 |
|
|
|9 572
|a Алфавитно-предметный указатель: с. 511-520.
|
| 454 |
|
1 |
|0 (RuTPU)RU\TPU\book\253200
|t Т. 1: Механика. Теплота. Молекулярная физика
|d 1971
|p 655 с.
|
| 461 |
|
1 |
|0 (RuTPU)RU\TPU\retro\25712
|t Элементарный учебник физики
|l Textbook of Elementary Physics
|o пер. с рус.
|f под ред. Г. С. Ландсберга
|v Vol. 1: Mechanics. Heat. Molecular physics
|d 1972
|
| 510 |
1 |
|
|a Vol. 1: Mechanics. Heat. Molecular physics
|z eng
|
| 606 |
1 |
|
|a Физика
|2 stltpush
|3 (RuTPU)RU\TPU\subj\63709
|9 80688
|
| 610 |
1 |
|
|a учебники
|
| 610 |
1 |
|
|a механика
|
| 610 |
1 |
|
|a теплота
|
| 610 |
1 |
|
|a молекулярная физика
|
| 610 |
1 |
|
|a кинетика
|
| 610 |
1 |
|
|a динамика
|
| 610 |
1 |
|
|a кинематика
|
| 610 |
1 |
|
|a статика
|
| 610 |
1 |
|
|a работа
|
| 610 |
1 |
|
|a энергия
|
| 610 |
1 |
|
|a криволинейное движение
|
| 610 |
1 |
|
|a гидростатика
|
| 610 |
1 |
|
|a аэростатика
|
| 610 |
1 |
|
|a гидродинамика
|
| 610 |
1 |
|
|a аэродинамика
|
| 610 |
1 |
|
|a упругость
|
| 610 |
1 |
|
|a прочность
|
| 610 |
1 |
|
|a тепловые машины
|
| 675 |
|
|
|a 53(075.8)
|v 3
|
| 801 |
|
1 |
|a RU
|b 63413507
|c 20130208
|
| 801 |
|
2 |
|a RU
|b 63413507
|c 20230623
|g RCR
|
| 942 |
|
|
|c BK
|